Culture Générale - Série 2105 - Statistiques

Statistiques générales
  • Ce quiz a été pris 112 fois
  • Le résultat moyen est 5 sur 10
Statistiques - réponses
Question Réponse % Correct
Sous quel prénom et nom connait-on mieux l'humoriste et acteur Kevin Smadja ? voir photo Kev Adams
82%
Quelle est la capitale de la Serbie ? Belgrade
73%
Sur le drapeau de quel pays peut-on lire "Ordem e progesso" ? Brésil
70%
Dans quel pays s'est déroulée la guerre des Boers à la fin du XIXᵉ siècle ? Afrique du Sud
69%
Quelle est la seule ville jumelée avec Paris depuis 1956 ? Rome
47%
De quelle ville part la mythique Route 66, longue de 3985 km, qui traverse les Etats Unis ? Chicago
44%
Quelle rock-star anglaise a été anoblie par la reine Elizabeth II en 2002 ? prénom et nom Mick Jagger
23%
Quel mot vieilli, commençant par " f ", qualifie une chose,une monnaie sans valeur ? On l'emploie dans l"'expression "Cela ne vaut pas un .... fifrelin
20%
Dans quel pays a été trouvé en 2001 un crâne datant d'environ 7 millions d'années et baptisé "Toumaï" ? Tchad
19%
Dans quel pays se trouve la ville portuaire d'Arica ? Chili
10%
Aucun quiz correspondant
Distribution des résultats
% des personnes avec chaque résultat
Percentile par nombre de réponses
Votre historique - résultats
Vous n’avez pas pris ce quiz